มุมมองปกติ
มุมมองแบบ MARC
- วิจัย
รายการ Topical Term
001 - CONTROL NUMBER
- control field: 57925
003 - CONTROL NUMBER IDENTIFIER
- control field: NALT
005 - DATE AND TIME OF LATEST TRANSACTION
- control field: 20220506110453.0
008 - FIXED-LENGTH DATA ELEMENTS
- fixed length control field: 220506|| aca||babn | a|a d
040 ## - CATALOGING SOURCE
- Original cataloging agency: NALT
150 #4 - HEADING--TOPICAL TERM
- Topical term or geographic name entry element: วิจัย
- General subdivision: การเขียนบทความ
